Huss Rides types - Statistics

General Stats
  • This quiz has been taken 7 times
  • The average score is 17 of 46
Answer Stats
Nr. Answer % Correct
13 Enterprise
60%
18 Frisbee
60%
40 Top Spin
60%
1 ASR Air Boat
40%
11 ASR Crazy Pineapple
40%
17 ASR Fly Willy
40%
25 ASR Locomotion
40%
2 Ben Hur
40%
4 Booster
40%
5 Break Dance 1
40%
6 Break Dance 2
40%
7 Break Dance 3
40%
8 Break Dance 4 / ASR Rodeo
40%
9 Break Dance 5
40%
10 Condor
40%
14 Flic Flac
40%
20 Giant Frisbee
40%
21 Giant Topspin
40%
24 King Kong
40%
26 Magic
40%
27 Megadance
40%
28 Pirat
40%
30 Ranger
40%
31 Shot N' Drop
40%
32 Shot N' Drop Maxi
40%
34 Sky Lab
40%
33 Sky Tower
40%
37 Suspended Top Spin
40%
39 Take Off
40%
42 Topple Tower
40%
41 Top Spin 2
40%
44 Tri Star
40%
45 Troika
40%
46 UFO
40%
3 ASR Bee Bee
20%
12 Disco Round
20%
15 Flipper
20%
16 Fly Away
20%
19 Frisbee 34
20%
22 Jump
20%
23 Jump²
20%
29 Rainbow
20%
35 Speedy
20%
36 Super Rutsche
20%
38 Swing Around
20%
43 Traumschiff
20%
No matching quizzes found
Score Distribution
Percent of People with Each Score
Percentile by Number Answered
Your Score History
You have not taken this quiz